|
|
|
|
| LEADER |
00920nam a2200265 a 4500 |
| 001 |
42381 |
| 003 |
BD-DhAAL |
| 005 |
20240311152222.0 |
| 008 |
960612t19962021caua f 000 0 eng |
| 010 |
|
|
|a 96067623
|
| 020 |
|
|
|a 0782118917
|
| 040 |
|
|
|a DLC
|c DLC
|d DLC
|
| 050 |
0 |
0 |
|a TK5105.875.I57
|b H64 1996
|
| 082 |
0 |
0 |
|a 004.6/7
|2 20
|
| 100 |
1 |
|
|a Hoffman, Paul,
|d 1957-
|9 56113
|
| 245 |
1 |
4 |
|a The Internet instant reference /
|c Paul E. Hoffman.
|
| 250 |
|
|
|a Third edition
|
| 260 |
|
|
|a San Francisco :
|b Sybex,
|c c2021.
|
| 300 |
|
|
|a xii, 324 pages :
|b illustrations ;
|c 21 cm.
|
| 500 |
|
|
|a Includes index.
|
| 541 |
|
|
|a Complimentary copy
|e 42381
|
| 650 |
|
0 |
|a Internet
|v Handbooks, manuals, etc.
|9 56114
|
| 942 |
|
|
|2 ddc
|c BK
|
| 999 |
|
|
|c 46448
|d 46448
|
| 952 |
|
|
|0 0
|1 0
|2 ddc
|4 0
|6 004_670000000000000_HOF
|7 0
|9 75236
|a SCL
|b SCL
|c GEN
|d 2024-03-10
|e Complimentary copy
|l 1
|m 3
|o 004.67 HOF
|p 3020042381
|r 2025-11-01
|s 2025-10-12
|t 1
|w 2024-03-10
|y BK
|